Psicoanálisis criminal
Saved in:
| Hovedforfatter: | |
|---|---|
| Format: | Bog |
| Sprog: | spansk |
| Udgivet: |
Buenos Aires
Losada
1947
|
| Udgivelse: | 4a. ed |
| Serier: | Psicología, psiquiatría, psicoanálisis
|
| Fag: | |
| Tags: |
Tilføj Tag
Ingen Tags, Vær først til at tagge denne postø!
|
MARC
| LEADER | 00000nam a2200000 a 4500 | ||
|---|---|---|---|
| 001 | UCY6920 | ||
| 003 | CL-VaPUC | ||
| 008 | 950602e19470000AG |||||||||||||||||spa|d | ||
| 082 | 0 | 4 | |a 616.858 |b JIM |2 21 |
| 100 | |a Jiménez de Asúa, Luis |e author |9 383442 | ||
| 245 | 1 | 0 | |a Psicoanálisis criminal |
| 250 | |a 4a. ed | ||
| 300 | |a 347 p | ||
| 942 | |c BK | ||
| 945 | |d 19950602 00:00:00 |a cmena | ||
| 260 | |a Buenos Aires |b Losada |c 1947 | ||
| 600 | 0 | |a Freud, Sigmund |e author |9 307892 | |
| 650 | 0 | |a Psicología |9 257863 | |
| 650 | 0 | |a Psicoanálisis |9 265702 | |
| 650 | 0 | |a Ego |9 310449 | |
| 650 | 7 | |a INADAPTADOS |2 CL-VaPUC |9 337107 | |
| 650 | 7 | |a CRIMINALES |2 CL-VaPUC |9 322996 | |
| 650 | 0 | |a Delincuencia |9 335739 | |
| 650 | 0 | |a Neurosis |9 312889 | |
| 650 | 0 | |a Psicología individual |9 309049 | |
| 650 | 7 | |a DERECHO PENAL |2 CL-VaPUC |9 11 | |
| 650 | 0 | |a Criminología |9 256168 | |
| 583 | |a last modification |c 19950602 00:00:00 |k Rodrigo Vera | ||
| 490 | 0 | |a Psicología, psiquiatría, psicoanálisis | |
| 999 | |c 234401 |d 234399 | ||
| 952 | |0 0 |1 0 |4 0 |6 616_858000000000000_JIM_1947 |7 0 |8 P |9 240630 |a BIBEDU |b BIBEDU |c BIBEDU_PB |d 2019-11-18 |i 1513702 |o 616.858 JIM 1947 |p 1513702 |r 2019-11-18 |w 2019-11-18 |y BK |k EDU | ||